000 01035nam a2200229Ia 4500
999 _c5809
_d5809
003 OSt
005 20200702143505.0
008 191128s1974 ck fr 000 0 spa d
040 _aCO-JMCR
_cCO-JMCR
041 0 _aspa
082 0 4 _a336.14 /
_bS676c
_223
100 1 _aSoto Pinedo, Rafael,
_eautor
_96501
245 1 3 _aLa contribución nacional de valorizacion :
_bsus fundamentos y su aplicación en departamentos y municipios /
_cRafael Soto Pinedo
260 _aBogotá :
_bTemis,
_c1974
300 _axvi, 351 páginas ;
_c22 cm.
500 _aIncluye notas a pie de página.
505 0 _aLa contribución de valorización en el derecho financiero -- Bases de las finanzas públicas -- Las necesidades públicas -- Diferencias sustantivas entre impuesto, tasa y contribución -- La contribución de valorización en la doctrina
650 1 4 _aTasación
_xlegislación
_zColombia
_96502
650 1 4 _aDerecho fiscal
_xlegislación
_zColombia
_96503
650 1 4 _aValorización
_xlegislación
_zColombia
_96504
942 _2ddc
_cBK